Statistics for 2021-22 Premier League Arsenal - Tottenham Hotspur

Click here to take the quiz!

General Stats

  • This quiz has been taken 346 times
  • The average score is 19 of 30

Answer Stats

Player% Correct
Harry Kane
95%
Son Heung-min ¹
94%
Aaron Ramsdale
93%
Hugo Lloris
93%
Bukayo Saka ¹
92%
Gabriel
84%
Pierre-Emerick Aubameyang ¹
83%
Martin Ødegaard
81%
Ben White
80%
Granit Xhaka
80%
Eric Dier
79%
Thomas Partey
77%
Kieran Tierney
75%
Lucas Moura
75%
Mikel Arteta
74%
Emile Smith Rowe ¹
70%
Pierre-Emile Højbjerg
70%
Davinson Sánchez
67%
Takehiro Tomiyasu
65%
Sergio Reguilón
51%
Dele Alli
49%
Tanguy Ndombele
44%
Nuno Espírito Santo
43%
Emerson Royal
42%
Oliver Skipp
42%
Japhet Tanganga
33%
Albert Sambi Lokonga
27%
Nuno Tavares
24%
Bryan Gil
20%
Ainsley Maitland-Niles
16%

Score Distribution

Percentile by Number Answered

Percent of People with Each Score

Your Score History

You have not taken this quiz